French high school classes - Statistics

General Stats
  • This quiz has been taken 14 times
  • The average score is 11 of 16
Answers on the Grid
Answers color-coded by a green-red scale on the quiz's grid according to % correct below.
SES
HGGSP
ZSD
NSI
SNT
SVT
EMC
History
FES
LV2
AMC
GDC
HLP
POI
NIO
French
MST
LV3
EPS
ASET
Religion
LV2
Finance
JUT
Business
Mathematics
QW
MDR
Physics
TTR
 
Answer Stats
Answer % Correct
EPS
86%
French
79%
HGGSP
79%
LV3
79%
Mathematics
79%
Physics
79%
SES
79%
SVT
79%
AMC
71%
History
71%
HLP
71%
EMC
64%
LV2
64%
LV2
57%
NSI
57%
SNT
50%
No matching quizzes found
Score Distribution
Percent of People with Each Score
Percentile by Number Answered
Your Score History
You have not taken this quiz